Normal view
MARC view
Entry Personal Name
001 - CONTROL NUMBER
- control field: 3469
003 - CONTROL NUMBER IDENTIFIER
- control field: PK-LaUMT
005 - DATE AND TIME OF LATEST TRANSACTION
- control field: 20241121121342.0
008 - FIXED-LENGTH DATA ELEMENTS
- fixed length control field: 241121|| aca||aabn | a|a d
040 ## - CATALOGING SOURCE
- Original cataloging agency: PK-LaUMT
- Transcribing agency: PK-LaUMT
100 ## - HEADING--PERSONAL NAME
- Personal name: Shazia Chaudhary = شازیہ چوہدری
670 ## - SOURCE DATA FOUND
- Source citation: Work cat.: (PK-LaUMT)136129: Shazia Chaudhary = شازیہ چوہدری, Shehr dil ke darwazay = شہر دل کے دروازے /, NA
